Derecho constitucional ecuatoriano.

Guardat en:
Dades bibliogràfiques
Autor principal: Borja y Borja, Ramiro
Autor corporatiu: Ecuador
Format: Llibre
Idioma:English
Publicat: [Madrid] : Cultura Hispanica , [1950].
Matèries:
LEADER 01213nam a2200289 i 4500
001 c000254562
003 CARM
005 00000000000000.0
008 840918s1950 sp 0 eng d
019 1 |a 9068711  |z 26777086  |5 LACONCORD2021 
035 |a (OCoLC)8955953  |5 LACONCORD2021 
082 0 4 |a 342.866023 
100 2 |a Borja y Borja, Ramiro. 
245 1 0 |a Derecho constitucional ecuatoriano. 
260 |a [Madrid] :  |b Cultura Hispanica ,  |c [1950]. 
300 |a 3 v. 
500 |a Includes texts of the Constitution. 
500 |a Bibliography: v.3, p.[701]-704. 
650 0 |a Constitutional law  |z Ecuador. 
710 1 |a Ecuador.  |t Constitution. 
852 8 |b CARM  |h A2:AQ17G0  |i B07658  |p 0334944  |f BK 
852 8 |b CARM  |h A2:AQ17G0  |i B07658  |p 0334945  |f BK 
852 8 |b CARM  |h A2:AQ17G0  |i B07658  |p 0334946  |f BK 
999 f f |i 270d7b2a-52db-51d0-8f49-cb3afa409463  |s ae0ffbf8-2e33-55fa-aa7a-4b4f4eb26c19 
952 f f |p Can circulate  |a CAVAL  |b CAVAL  |c CAVAL  |d CARM 1 Store  |e B07658  |f A2:AQ17G0  |h Other scheme  |i book  |m 0334945 
952 f f |p Can circulate  |a CAVAL  |b CAVAL  |c CAVAL  |d CARM 1 Store  |e B07658  |f A2:AQ17G0  |h Other scheme  |i book  |m 0334944 
952 f f |p Can circulate  |a CAVAL  |b CAVAL  |c CAVAL  |d CARM 1 Store  |e B07658  |f A2:AQ17G0  |h Other scheme  |i book  |m 0334946